Merry Christmas! - Statistics

General Stats
  • This quiz has been taken 28 times
    10 since last reset
  • The average score is 8 of 12
Answer Stats
Hint Answer % Correct
Calendar that tells the days up to Christmas Advent
100%
Colour Bing Crosby wished Christmas to be White
100%
These are both traditionally put on top a Christmas tree name either one Angel/Star
88%
Film where a boy uses traps to make sure that his house doesn't get robbed Home Alone
88%
What plant should you kiss someone under at Christmas time Mistletoe
88%
Vehicle Santa travels in Sleigh
88%
Clothing hung over fire on Christmas Eve Stocking
75%
Santa's foxy female reindeer Vixen
75%
What letter comes before Christmas tree in a famous carol O
50%
Town where Mary and Joseph lived in Nazareth
38%
This king looked out on St Stephens Day Wenceslas
38%
On the eighth day of Christmas what did my true love give to me Eight maids a milking
0%
No matching quizzes found
Score Distribution
Percent of People with Each Score
Percentile by Number Answered
Your Score History
You have not taken this quiz since the last reset